000 00243nam a2200097Ia 4500
008 120527s9999 xx 000 0 und d
100 _aMOLLER, Arne
245 _aApplication of micro processors within Agriulture
260 _bACT
942 _cBK
999 _c25151
_d25151